000 00532nam a2200205Ia 4500
001 7032
003 GE_BSU
008 181216s||||||||xx |||||||||||||| ||und||
040 _cGE_BSU
080 _a519.85
100 _aАбрамов,С.А.
245 _aЭлементы программирования
245 _cред. Н.Н.Васина
260 _aМосква
260 _bНаука
260 _c1982
300 _a94стр.20см.
653 _aЭлементы программирования
942 _cBK
999 _c40424
_d40424